|
|
|
|
| LEADER |
04657nam a2200733 4500 |
| 001 |
ocn170967169 |
| 003 |
OCoLC |
| 005 |
20180501121914.0 |
| 006 |
m o d |
| 007 |
cr cnu---unuuu |
| 008 |
070912s2002 ne a ob 101 0 eng d |
| 040 |
|
|
|a N$T
|b eng
|e pn
|c N$T
|d OCLCQ
|d YDXCP
|d OCLCQ
|d E7B
|d OCLCQ
|d MERUC
|d OPELS
|d OCLCQ
|d OCLCO
|d OCLCQ
|d NLGGC
|d CUS
|d OCLCF
|d OCLCQ
|d OCLCO
|d OCLCQ
|d OCLCO
|d OCL
|d OCLCQ
|d UAB
|e rda
|d MEU
|d OCLCO
|d GrThAP
|
| 019 |
|
|
|a 648241862
|a 695393286
|
| 020 |
|
|
|a 9780080522821
|q (electronic bk.)
|
| 020 |
|
|
|a 0080522823
|q (electronic bk.)
|
| 020 |
|
|
|a 0444509828
|q (electronic bk.)
|
| 020 |
|
|
|a 9780444509826
|q (electronic bk.)
|
| 035 |
|
|
|a (OCoLC)170967169
|z (OCoLC)648241862
|z (OCoLC)695393286
|
| 050 |
|
4 |
|a QP376
|b .P7 v.139eb
|
| 060 |
|
4 |
|a W1
|b PR667J v.139 2002
|
| 060 |
|
4 |
|a WK 520
|b W9273 2002
|
| 072 |
|
7 |
|a MED
|x 057000
|2 bisacsh
|
| 072 |
|
7 |
|a PSY
|x 020000
|2 bisacsh
|
| 082 |
0 |
4 |
|a 612.8/2
|2 22
|
| 084 |
|
|
|a 44.90
|2 bcl
|
| 049 |
|
|
|a TEFA
|
| 111 |
2 |
|
|a World Congress on Neurohypophysial Hormones
|d (2001 :
|c Bordeaux, France),
|e authoring body.
|
| 245 |
1 |
0 |
|a Vasopressin and Oxytocin :
|b from Genes to Clinical Applications /
|c edited by Dominique Poulain, Stéphane Oliet, Dionysia Theodosis.
|
| 250 |
|
|
|a First edition.
|
| 264 |
|
1 |
|a Amsterdam ;
|a Boston :
|b Elsevier,
|c 2002.
|
| 300 |
|
|
|a 1 online resource (xv, 376 pages) :
|b illustrations.
|
| 336 |
|
|
|a text
|b txt
|2 rdacontent
|
| 337 |
|
|
|a computer
|b c
|2 rdamedia
|
| 338 |
|
|
|a online resource
|b cr
|2 rdacarrier
|
| 490 |
1 |
|
|a Progress in brain research,
|x 0079-6123 ;
|v volume 139
|
| 546 |
|
|
|a Text in English.
|
| 500 |
|
|
|a "The articles comprising this volume were first presented at the World Congress on Neurohypophysial Hormones, held in Bordeaux, France on September 8-12, 2001"--Preface.
|
| 504 |
|
|
|a Includes bibliographical references and index.
|
| 505 |
0 |
|
|a Front Cover; VASOPRESSIN AND OXYTOCIN: FROM GENES TO CLINICAL APPLICATIONS; Copyright Page; List of Contributors; Preface; Acknowledgements; Contents; Chapter 1. The magnocellular neuronal phenotype: cell-specific gene expression in the hypothalamo-neurohypophysial system; Chapter 2. Estrogen modulates oxytocin gene expression in regions of the rat supraoptic and paraventricular nuclei that contain; Chapter 3. Short-term modulation of GABAA receptor function in the adult female rat; Chapter 4. Cholesterol and steroid hormones: modulators of oxytocin receptor function.
|
| 520 |
|
|
|a The articles comprising this volume were first presented at the World Congress on Neurohypophysial Hormones held in Bordeaux, France on September 8-12, 2001. This conference brought together more than 170 scientists from 18 countries who belong to the different fields of interest representing research in the hypothalamo-neurohypophysial system. Two neurohypophysial neurohormones, oxytocin and vasopressin, exert a variety of central and peripheral actions and thus involve different scientific domains, which too often, even today, do not always find the appropriate occasion to interact. This vol.
|
| 588 |
0 |
|
|a Print version record.
|
| 650 |
|
0 |
|a Vasopressin
|x Physiological effect
|v Congresses.
|
| 650 |
|
0 |
|a Oxytocin
|x Physiological effect
|v Congresses.
|
| 650 |
|
6 |
|a Ocytocine
|x Effets physiologiques
|v Congrès.
|
| 650 |
|
6 |
|a Vasopressine
|x Effets physiologiques
|v Congrès.
|
| 650 |
|
7 |
|a MEDICAL
|x Neuroscience.
|2 bisacsh
|
| 650 |
|
7 |
|a PSYCHOLOGY
|x Neuropsychology.
|2 bisacsh
|
| 650 |
|
7 |
|a Oxytocin
|x Physiological effect.
|2 fast
|0 (OCoLC)fst01049675
|
| 650 |
|
7 |
|a Vasopressin
|x Physiological effect.
|2 fast
|0 (OCoLC)fst01164596
|
| 650 |
1 |
7 |
|a Vasopressinen.
|2 gtt
|
| 650 |
1 |
7 |
|a Oxytocine.
|2 gtt
|
| 650 |
1 |
2 |
|a Vasopressins
|x genetics.
|0 (DNLM)D014667Q000235
|
| 650 |
2 |
2 |
|a Hypothalamo-Hypophyseal System
|x physiology.
|0 (DNLM)D007030Q000502
|
| 650 |
2 |
2 |
|a Oxytocin
|x genetics.
|0 (DNLM)D010121Q000235
|
| 650 |
2 |
2 |
|a Oxytocin
|x metabolism.
|0 (DNLM)D010121Q000378
|
| 650 |
2 |
2 |
|a Vasopressins
|x metabolism.
|0 (DNLM)D014667Q000378
|
| 655 |
|
4 |
|a Electronic books.
|
| 655 |
|
7 |
|a Conference papers and proceedings.
|2 fast
|0 (OCoLC)fst01423772
|
| 700 |
1 |
|
|a Poulain, D. A.
|q (Dominique André),
|d 1946-
|e editor.
|
| 700 |
1 |
|
|a Oliet, Stéphane H. R.,
|d 1965-
|e editor.
|
| 700 |
1 |
|
|a Theodosis, Dionysia,
|e editor.
|
| 776 |
0 |
8 |
|i Print version:
|a World Congress on Neurohypophysial Hormones (2001 : Bordeaux, France).
|t Vasopressin and oxytocin.
|b 1st ed.
|d Amsterdam ; Boston : Elsevier, 2002
|z 0444509828
|z 9780444509826
|w (DLC) 2002026512
|w (OCoLC)50124323
|
| 830 |
|
0 |
|a Progress in brain research ;
|v v. 139.
|
| 856 |
4 |
0 |
|u https://www.sciencedirect.com/science/bookseries/00796123/139
|z Full Text via HEAL-Link
|